BIBLIOTECA

SENCICO

Escaparates del mundo / (Registro nro. 9760)

Detalles MARC
000 -LEADER
Campo de control de longitud fija 01276nam a22002897a 4500
003 - IDENTIFICADOR DEL NÚMERO DE CONTROL
Campo de control PE SENCICO BE
005 - FECHA Y HORA DE LA ÚLTIMA TRANSACCIÓN
Campo de control 20260224174839.0
008 - ELEMENTOS DE LONGITUD FIJA - INFORMACIÓN GENERAL
Campo de control de longitud fija 251113b |||||||| |||| 00| 0 eng d
020 ## - ISBN
ISBN 978-84-342-3621-2
040 ## - FUENTE DE CATALOGACIÓN
Origen de catalogación PE SENCICO BE
Agencia que realiza la transcripción PE SENCICO BE
041 ## - CÓDIGO DE IDIOMA
Idioma del texto spa
082 ## - NÚMERO DE CLASIFICACIÓN DECIMAL DEWEY
Código de Clasificación Dewey 747.9
Notación Interna B77
100 1# - ASIENTO PRINCIPAL--NOMBRE PERSONAL
Autor Personal Bou Romero, Louis
9 (RLIN) 40
Fechas asociadas al autor autor
245 1# - MENCIÓN DEL TITULO
Título Escaparates del mundo /
Mención de responsabilidad Louis Bou Romero ; colaboración: Eva Minguet Cámara
250 ## - MENCIÓN DE EDICIÓN
Edición [1a ed.]
260 ## - PUBLICACIÓN, DISTRIBUCIÓN, ETC. (PIE DE IMPRENTA)
Lugar de publicación, distribución, etc. Barcelona :
Nombre de la Editorial, Distribuidor, etc. Instituto Monsa de Ediciones,
Fecha de publicación, distribución, etc. 2006
300 ## - DESCRIPCIÓN FÍSICA
Paginación 253 páginas :
Otros detalles físicos Ilustraciones,
Dimensión 30 cm.
505 0# - NOTA DE CONTENIDO CON FORMATO PREESTABLECIDOE
Contenido o índice Colorea tu vida -- Atravesando el cristal -- Luces encendidas -- Escaparate de fiesta --Al detalle -- Maniquíes
520 3# - NOTA DE RESUMEN, ETC.
Resumen, etc. Los escaparates de las tiendas de las ciudades más importantes del mundo, Barcelona, Nueva York, Londres o Paris, constituyen un campo que interesa no sólo al comerciante, sino a cualquier transeúnte que aunque sea por unos segundos, fija su mirada en estos habitáculos llenos de sorpresas.
650 10 - ASIENTO SECUNDARIO DE MATERIA - TERMINO TEMÁTICO
Término de tema o elemento de entrada de nombre geográfico Escaparates
9 (RLIN) 432
650 20 - ASIENTO SECUNDARIO DE MATERIA - TERMINO TEMÁTICO
Término de tema o elemento de entrada de nombre geográfico Decoración comercial
9 (RLIN) 433
650 20 - ASIENTO SECUNDARIO DE MATERIA - TERMINO TEMÁTICO
Término de tema o elemento de entrada de nombre geográfico Diseño de interiores
9 (RLIN) 315
650 20 - ASIENTO SECUNDARIO DE MATERIA - TERMINO TEMÁTICO
Término de tema o elemento de entrada de nombre geográfico Tiendas
9 (RLIN) 434
700 1# - ASIENTO SECUNDARIO--NOMBRE PERSONAL
Autor Personal Minguet Cámara, Eva
9 (RLIN) 41
Término de relación colaboración
910 ## - RESPONSABLE DEL REGISTRO
Coordinador de procesamiento de la información hfp
942 ## - ELEMENTOS DE KOHA
Fuente de clasificación o esquema de estanterías Dewey Decimal Classification
Tipo de documento Libros
999 ## -
-- 9760
-- 9760
Existencias
Estado Retiro Estado Perdido Sistema de Clasificación o Esquema de Estantería Estado Dañado No es para préstamo Ubicación Permanente Ubicación Actual Fecha de adquisición Total Checkouts Signatura topográfica completa Código de Barras Date last seen Precio efectivo desde Tipo de ítem
    Dewey Decimal Classification     Biblioteca Arequipa Biblioteca Arequipa 13/11/2025   747.9/B77 BibZareq25112521 13/11/2025 13/11/2025 Libros